| 000 | 00755nam a2200193 i 4500 | ||
|---|---|---|---|
| 001 | 75124 | ||
| 003 | ES-MaACL | ||
| 005 | 20230906172337.0 | ||
| 007 | t| | ||
| 008 | 040922s1916 xxk ||||1| eng d | ||
| 100 | 1 |
_aGosse, Edmund. _959256 |
|
| 245 | 1 | 0 |
_aInter arma _b: being essays written in time of war / _cEdmund Gosse. |
| 260 |
_aLondon : _bHeinemann, _c1916. |
||
| 300 |
_aXIII, 241 p. ; _c19 cm. |
||
| 505 | 8 | _aContiene: War and literature.--The unity of France.--The desecration of French movements.--The Napoleonic wars in English poetry.--War poetry in France.--A French satirist in England.--The neutrality of Sweden. | |
| 650 | 0 | 4 |
_aGuerra mundial, 1914-1918. _913212 |
| 650 | 4 |
_aLiteratura y guerra. _9143400 |
|
| 852 |
_aES-MaACL _jC-1047 |
||
| 999 |
_c75124 _d75124 |
||